| 000 | 00547nam a2200181Ia 4500 | ||
|---|---|---|---|
| 999 |
_c31673 _d31673 |
||
| 003 | OSt | ||
| 005 | 20210810103051.0 | ||
| 008 | 190216s9999||||xx |||||||||||||| ||und|| | ||
| 020 | _a9780132125895 | ||
| 040 | _coclc | ||
| 082 |
_a516.36 _bCAR/D |
||
| 100 | 1 |
_aCarmo, Manfredo Perdigão do _93911 |
|
| 245 | 0 |
_aDifferential Geometry Of Curves And Surfaces / _cManfredo P Do Carmo |
|
| 260 |
_bPrentice Hall, _c1976. _aNew Jersey: |
||
| 300 | _a503p | ||
| 650 | _aGeometry | ||
| 942 |
_cBK _2ddc _h516.36 _iCAR/D _k516.36 _mCAR/D |
||